000 00747nam a2200241Ia 4500
003 OSt
005 20221006165712.0
006 a|||||r|||| 00| 0
007 ta
008 221006b |||||||| |||| 00| 0 eng d
024 _a7,803
037 _cDissertations
040 _aFML
_cFML
_beng
041 _2eng
_aeng
100 _aDharamani Nalini Au.
_9680315
110 _aDelhi University. Faculty of Music and Fine Arts. Department of Music
245 0 _aThe Role of The All India Radio in Popularising Indian Classical Music
260 _c1979
300 _a146
_ccm.
700 _aDelhi University. Faculty of Music and Fine Arts. Department of Music
942 _cDIS
_2CC
999 _c1121749
_d1121749